[Event "AUTO-MASTER-1745"]
[Site "http://www.queenalice.com/game.php?id=1109342"]
[Date "2012.10.4"]
[Round "1"]
[White "vivafischer"]
[Black "HelioAraujo"]
[Result "0-1"]
[WhiteElo "2190"]
[BlackElo "2198"]

1. e4 c5 2. Nc3 e6 3. g3 Nc6 4. Bg2 Nf6 5. Nge2 d5 6. exd5 exd5 7. d4 cxd4 8.
Nxd4 Bg4 9. Nde2 Bb4 10. h3 Bxc3+ 11. bxc3 Be6 12. O-O O-O 13. Qd3 Ne5 14. Qd4
Bxh3 15. Bg5 Bxg2 16. Kxg2 Re8 17. Nf4 h6 18. Bxf6 Qxf6 19. Qxd5 b6 20. Rad1
Rad8 21. Qe4 Ng6 22. Rxd8 Qxd8 23. Qc4 Nxf4+ 24. Qxf4 Qd5+ 25. Qf3 Qxf3+ 26.
Kxf3 Rc8 0-1

[Event "AUTO-MASTER-1745"]
[Site "http://www.queenalice.com/game.php?id=1109343"]
[Date "2012.10.4"]
[Round "1"]
[White "HelioAraujo"]
[Black "MarceloPadre"]
[Result "1-0"]
[WhiteElo "2183"]
[BlackElo "2037"]

1. Nf3 Nf6 2. c4 c6 3. d4 d5 4. Nc3 e6 5. Bg5 Be7 6. e3 Nbd7 7. Qc2 O-O 8. Rd1
Qa5 9. a3 dxc4 10. Bxc4 b5 11. Bd3 h6 12. Bh4 b4 13. axb4 Bxb4 14. O-O Re8 15.
Ra1 Qc7 16. Bg3 Qb6 17. Na4 Qb7 18. Rfc1 c5 19. dxc5 Nf8 20. c6 Qe7 21. Nb6 1-0

[Event "AUTO-MASTER-1745"]
[Site "http://www.queenalice.com/game.php?id=1109344"]
[Date "2012.10.4"]
[Round "1"]
[White "MarceloPadre"]
[Black "HelioAraujo"]
[Result "0-1"]
[WhiteElo "2019"]
[BlackElo "2191"]

1. d4 Nf6 2. c4 g6 3. Nc3 Bg7 4. e4 d6 5. f3 O-O 6. Be3 Nc6 7. Qd2 a6 8. O-O-O
b5 9. g4 e5 10. Nge2 Nd7 11. d5 Na5 12. Ng3 Nxc4 13. Bxc4 bxc4 14. Bh6 Nc5 15.
Kc2 Rb8 16. Rb1 Qf6 17. Rhg1 Bxh6 18. Qxh6 Qxf3 19. Nh5 Qf2+ 20. Qd2 Qxd2+ 21.
Kxd2 gxh5 0-1

[Event "AUTO-MASTER-1745"]
[Site "http://www.queenalice.com/game.php?id=1109345"]
[Date "2012.10.4"]
[Round "1"]
[White "HelioAraujo"]
[Black "VladimirSpirin"]
[Result "1-0"]
[WhiteElo "2221"]
[BlackElo "2164"]

1. Nf3 b6 2. e4 Bb7 3. Nc3 g6 4. d4 Bg7 5. Bd3 e6 6. Be3 d6 7. Qd2 h6 8. d5 e5
9. O-O Ne7 10. a4 a6 11. a5 b5 12. Ne2 Nd7 13. c4 bxc4 14. Bxc4 Nf6 15. Qb4 Bc8
16. Ng3 Bd7 17. h3 Qc8 18. Qd2 g5 19. Ra3 Ng6 20. Rc1 g4 21. hxg4 Bxg4 22. Be2
Bd7 23. Rac3 Nf4 24. Bxf4 exf4 25. Qxf4 Kd8 26. e5 Nxd5 27. Qxf7 Nxc3 28. Rxc3
Bxe5 29. Nxe5 dxe5 30. Qf6+ Ke8 31. Bh5# 1-0

[Event "AUTO-MASTER-1745"]
[Site "http://www.queenalice.com/game.php?id=1109346"]
[Date "2012.10.4"]
[Round "1"]
[White "VladimirSpirin"]
[Black "HelioAraujo"]
[Result "0-1"]
[WhiteElo "2156"]
[BlackElo "2231"]

1. b3 e5 2. Bb2 Nc6 3. g3 d5 4. Bg2 Nf6 5. d3 Bc5 6. e3 d4 7. e4 O-O 8. a3 Bg4
9. Ne2 Qe7 10. h3 Be6 11. Nd2 Rad8 12. g4 Ne8 13. Ng3 g6 14. Nf3 Nd6 15. Bc1 a5
16. O-O Nb5 17. a4 Nc3 18. Qd2 f6 19. Qe1 Nb4 20. Qd2 Nba2 21. Bb2 Qg7 22. Bxc3
Nxc3 23. Qc1 Bb4 24. Kh2 Rd6 25. Rh1 Rfd8 26. Bf1 Rc6 27. Nd2 Rc5 28. Nc4 c6 29.
g5 b5 30. axb5 cxb5 31. Na3 fxg5 32. Qxg5 Rf8 33. Kg1 Qf7 34. Rh2 Rc6 35. h4 Be7
36. Qh6 Qf4 37. Qxf4 Rxf4 38. Ne2 Nxe2+ 39. Bxe2 Bxa3 40. Rxa3 Rxc2 41. f3 a4
42. b4 Rf8 43. Ra1 Rfc8 44. h5 g5 45. h6 Rc1+ 46. Rxc1 Rxc1+ 47. Kf2 a3 48. Rh5
a2 49. Rxg5+ Kf8 50. Rxe5 a1=Q 51. Rxe6 Rg1 0-1

[Event "AUTO-OPEN-2614"]
[Site "http://www.queenalice.com/game.php?id=1118654"]
[Date "2012.11.3"]
[Round "3"]
[White "HelioAraujo"]
[Black "Plotnnikov"]
[Result "1/2-1/2"]
[WhiteElo "2329"]
[BlackElo "2456"]

1. Nf3 c5 2. c4 Nf6 3. Nc3 e6 4. g3 b6 5. e4 Bb7 6. d3 Be7 7. Bg2 d6 8. O-O O-O
9. e5 dxe5 10. Nxe5 Bxg2 11. Kxg2 Qc7 12. Qf3 Nbd7 13. Nc6 Ne5 14. Nxe5 Qxe5 15.
Rd1 Rad8 16. a4 Qb8 17. a5 Rd7 18. axb6 Qxb6 19. Na4 Qc7 20. Bf4 Bd6 21. Be3
Rfd8 22. Nc3 Qb8 23. Nb5 Nd5 24. cxd5 Qxb5 25. dxe6 fxe6 26. Qe4 Qb3 27. Rd2 Be7
28. Ra6 e5 29. Ra3 Qf7 30. Rc3 Rd5 31. Rdc2 Rf8 32. Ra3 Rd7 33. Ra5 Qb3 34. Rd2
Qf7 35. Bxc5 1/2-1/2

[Event "AUTO-OPEN-2614"]
[Site "http://www.queenalice.com/game.php?id=1118655"]
[Date "2012.11.3"]
[Round "3"]
[White "Plotnnikov"]
[Black "HelioAraujo"]
[Result "0-1"]
[WhiteElo "2468"]
[BlackElo "2291"]

1. d4 Nf6 2. c4 g6 3. Nc3 Bg7 4. e4 d6 5. Nf3 O-O 6. Be2 e5 7. O-O Nc6 8. d5 Ne7
9. b4 Nh5 10. Re1 f5 11. Ng5 Nf6 12. Bf3 c6 13. Be3 cxd5 14. cxd5 h6 15. Ne6
Bxe6 16. dxe6 fxe4 17. Nxe4 Nxe4 18. Bxe4 d5 19. Bc2 b6 20. Qg4 e4 21. Rad1 Qc7
22. Ba4 Rf5 23. Bd7 h5 24. Qh4 Bf6 25. Qh3 Qc4 26. a3 d4 27. Bc1 d3 28. Be3 Rf8
29. Qg3 g5 30. Qd6 Rd5 31. Qg3 Kg7 32. Qh3 g4 0-1

[Event "AUTO-MASTER-1726"]
[Site "http://www.queenalice.com/game.php?id=1128779"]
[Date "2012.12.6"]
[Round "2"]
[White "BEBADO"]
[Black "HelioAraujo"]
[Result "0-1"]
[WhiteElo "2214"]
[BlackElo "2266"]

1. e4 c5 2. Nf3 e6 3. d3 Nc6 4. Qe2 Nf6 5. g3 d5 6. Bg2 Be7 7. O-O O-O 8. e5 Nd7
9. Re1 b5 10. a4 b4 11. c4 bxc3 12. bxc3 Rb8 13. Nbd2 Ba6 14. c4 Ncxe5 15. Nxe5
Nxe5 16. Ba3 Bd6 17. f4 Nc6 18. cxd5 exd5 19. Bxd5 Nd4 20. Qd1 Bxf4 21. Be4 Bxd2
0-1

[Event "AUTO-MASTER-1726"]
[Site "http://www.queenalice.com/game.php?id=1128780"]
[Date "2012.12.6"]
[Round "2"]
[White "HelioAraujo"]
[Black "BEBADO"]
[Result "1-0"]
[WhiteElo "2253"]
[BlackElo "2274"]

1. Nf3 Nf6 2. c4 c5 3. Nc3 d5 4. cxd5 Nxd5 5. d4 cxd4 6. Qxd4 Nxc3 7. Qxc3 Nc6
8. e4 e6 9. a3 Qa5 10. b4 Nxb4 11. Bd2 1-0

[Event "AUTO-MASTER-1797"]
[Site "http://www.queenalice.com/game.php?id=1138066"]
[Date "2013.1.7"]
[Round "1"]
[White "barrai"]
[Black "HelioAraujo"]
[Result "0-1"]
[WhiteElo "2037"]
[BlackElo "2276"]

1. e4 c5 2. Bc4 e6 3. a4 d5 4. exd5 exd5 5. Ba2 Nc6 6. c3 Nf6 7. h3 Bf5 8. d3
Ne5 9. d4 Nd3+ 10. Kf1 Nxf2 11. Kxf2 Ne4+ 12. Kf3 Qh4 13. Be3 O-O-O 14. Ne2 Nf2
15. Bxf2 Qe4+ 0-1

[Event "AUTO-MASTER-1797"]
[Site "http://www.queenalice.com/game.php?id=1138067"]
[Date "2013.1.7"]
[Round "1"]
[White "HelioAraujo"]
[Black "barrai"]
[Result "1-0"]
[WhiteElo "2286"]
[BlackElo "2056"]

1. Nf3 Nf6 2. c4 c5 3. Nc3 g6 4. d4 cxd4 5. Nxd4 Nc6 6. e4 d6 7. Be2 Bg7 8. Be3
a6 9. O-O O-O 10. Qd2 Ne5 11. h3 Bd7 12. f4 Nc6 13. Rad1 Qc7 14. Nf3 Rfe8 15. e5
dxe5 16. fxe5 Nxe5 17. Nxe5 Qxe5 18. Bd4 Qd6 19. Bxf6 Bxf6 20. Qxd6 exd6 21.
Rxf6 Re6 22. Rxe6 Bxe6 23. Rxd6 Rc8 24. b3 Rc7 25. Nd5 Rc8 26. Ne7+ Kg7 27. Nxc8
Bxc8 28. Rd8 Bf5 29. Rb8 Be4 30. Bf3 Bb1 31. a3 Ba2 32. Rxb7 Bxb3 33. Rxb3 1-0

[Event "AUTO-MASTER-1797"]
[Site "http://www.queenalice.com/game.php?id=1138080"]
[Date "2013.1.7"]
[Round "1"]
[White "ajbsantos"]
[Black "HelioAraujo"]
[Result "0-1"]
[WhiteElo "2124"]
[BlackElo "2315"]

1. e4 c5 2. Nf3 e6 3. d4 cxd4 4. Nxd4 a6 5. Nc3 Qc7 6. Bd3 Nf6 7. O-O d6 8. Qe2
Nbd7 9. Kh1 Be7 10. f4 b5 11. Bd2 Bb7 12. a3 O-O 13. Rae1 Nc5 14. b4 Nxd3 15.
cxd3 Rac8 16. Rc1 Qd7 17. h3 Rc7 18. Rc2 Rfc8 19. Rfc1 g6 20. Qf2 Nh5 21. Kh2 e5
22. Nde2 f5 23. Nd5 Rxc2 0-1

[Event "AUTO-MASTER-1797"]
[Site "http://www.queenalice.com/game.php?id=1138081"]
[Date "2013.1.7"]
[Round "1"]
[White "HelioAraujo"]
[Black "ajbsantos"]
[Result "1-0"]
[WhiteElo "2321"]
[BlackElo "2118"]

1. Nf3 d5 2. d4 Nf6 3. c4 c6 4. Nc3 e6 5. Bg5 h6 6. Bh4 dxc4 7. e4 g5 8. Bg3 b5
9. Be2 Bb7 10. h4 g4 11. Ne5 Rg8 12. Nxg4 Nbd7 13. Nxf6+ Nxf6 14. Bf3 b4 15. Ne2
c5 16. d5 exd5 17. exd5 Bd6 18. O-O Qd7 19. a3 Bxg3 20. Nxg3 Bxd5 21. Re1+ Kf8
22. axb4 cxb4 23. Ra6 Rg6 24. h5 Rxg3 25. fxg3 1-0

[Event "AUTO-MASTER-1797"]
[Site "http://www.queenalice.com/game.php?id=1138090"]
[Date "2013.1.7"]
[Round "1"]
[White "HelioAraujo"]
[Black "Tonto"]
[Result "1-0"]
[WhiteElo "2283"]
[BlackElo "1984"]

1. Nf3 d5 2. d4 Nc6 3. c4 dxc4 4. d5 Nb4 5. Qa4+ c6 6. Qxb4 Qxd5 7. Nc3 Qd6 8.
Qxc4 b5 9. Qd4 Qxd4 10. Nxd4 Bb7 11. Nb3 e6 12. Ne4 a5 13. Bf4 a4 14. Nbc5 O-O-O
15. Rc1 Rd4 16. e3 Rb4 17. Nd6+ Bxd6 18. Bxd6 Rxb2 19. Be5 Rxf2 20. Kxf2 f6 21.
Ba1 e5 22. Be2 Ne7 23. Rhd1 Nd5 24. Bxb5 Nxe3 25. Kxe3 Kb8 26. Bxa4 Ka7 27. Rd7
1-0

[Event "AUTO-MASTER-1797"]
[Site "http://www.queenalice.com/game.php?id=1138091"]
[Date "2013.1.7"]
[Round "1"]
[White "Tonto"]
[Black "HelioAraujo"]
[Result "0-1"]
[WhiteElo "1959"]
[BlackElo "2281"]

1. Nf3 g6 2. e4 Bg7 3. d4 d6 4. h3 Nf6 5. Be2 Nxe4 6. Bc4 d5 7. Bd3 O-O 8. Be3
Nc6 9. c3 Qd6 10. Nbd2 f5 11. Qb3 Nxd2 12. Nxd2 f4 13. Nf1 fxe3 14. Nxe3 Be6 15.
Qxb7 Rab8 16. Qa6 Rxf2 17. Kxf2 Qf4+ 18. Ke2 Bh6 19. Nf1 Rxb2+ 20. Kd1 Rd2+ 21.
Kc1 Rxd3+ 22. Kc2 Qf2+ 23. Kb3 Nxd4+ 24. Kb4 Qb2+ 25. Ka4 Qc2+ 0-1

[Event "AUTO-MASTER-1745"]
[Site "http://www.queenalice.com/game.php?id=1159139"]
[Date "2013.3.8"]
[Round "2"]
[White "mtdfbsb"]
[Black "HelioAraujo"]
[Result "0-1"]
[WhiteElo "2040"]
[BlackElo "2333"]

1. d4 Nf6 2. c4 c5 3. e3 g6 4. Nc3 Bg7 5. Nf3 O-O 6. Bd3 cxd4 7. exd4 d5 8. Bf4
Nc6 9. Qb3 dxc4 10. Bxc4 Na5 11. Qb4 Nxc4 12. Qxc4 Be6 13. Qb4 Nd5 14. Nxd5 Bxd5
15. Be5 f6 16. Bf4 g5 17. Bg3 g4 18. Nh4 f5 19. Be5 Bxe5 20. dxe5 e6 21. Nf3
gxf3 22. g4 Rc8 23. gxf5 Qg5 24. Kd1 Bxa2 0-1

[Event "AUTO-MASTER-1745"]
[Site "http://www.queenalice.com/game.php?id=1159141"]
[Date "2013.3.8"]
[Round "2"]
[White "Pagano"]
[Black "HelioAraujo"]
[Result "0-1"]
[WhiteElo "2008"]
[BlackElo "2327"]

1. e4 c5 2. Nf3 e6 3. d4 cxd4 4. Nxd4 a6 5. Nc3 Qc7 6. Be2 b5 7. O-O Bb7 8. Re1
Nc6 9. Nxc6 dxc6 10. e5 Rd8 11. Bd2 c5 12. f4 Nh6 13. Bd3 c4 14. Be4 b4 15. Nb1
Bxe4 16. Rxe4 Nf5 17. c3 Bc5+ 18. Kh1 h5 19. Qa4+ Kf8 20. cxb4 Ba7 21. Qc2 h4
22. g4 hxg3 23. Kg2 Rxh2+ 0-1

[Event "AUTO-MASTER-1745"]
[Site "http://www.queenalice.com/game.php?id=1159142"]
[Date "2013.3.8"]
[Round "2"]
[White "HelioAraujo"]
[Black "Pagano"]
[Result "1-0"]
[WhiteElo "2312"]
[BlackElo "2007"]

1. Nf3 c5 2. c4 g6 3. e4 Bg7 4. d4 cxd4 5. Nxd4 d6 6. Nc3 a6 7. Be3 Nf6 8. Be2
O-O 9. O-O Nbd7 10. Qd2 Re8 11. Rac1 Nc5 12. f3 Bd7 13. Rfd1 Qc7 14. b4 Ne6 15.
Nd5 Qd8 16. Nxe6 fxe6 17. Nb6 Rb8 18. e5 dxe5 19. Nxd7 1-0

[Event "AUTO-MASTER-1797"]
[Site "http://www.queenalice.com/game.php?id=1217415"]
[Date "2013.9.16"]
[Round "2"]
[White "littleboo"]
[Black "HelioAraujo"]
[Result "1-0"]
[WhiteElo "2244"]
[BlackElo "2321"]

1. e4 c5 2. Nc3 e6 3. Nf3 a6 4. d4 cxd4 5. Nxd4 Qc7 6. Nf3 Nc6 7. Bd3 Nf6 8. O-O
Be7 9. Bg5 h6 10. Bc1 O-O 11. Re1 d6 12. a3 b5 13. Qd2 Ne5 14. Nxe5 1-0

[Event "AUTO-MASTER-1797"]
[Site "http://www.queenalice.com/game.php?id=1217416"]
[Date "2013.9.16"]
[Round "2"]
[White "HelioAraujo"]
[Black "littleboo"]
[Result "0-1"]
[WhiteElo "2336"]
[BlackElo "2229"]

1. e4 c6 2. d3 d5 3. Nd2 e5 4. Ngf3 Bd6 5. Be2 Qc7 6. O-O Nf6 7. d4 Nxe4 8. dxe5
Bxe5 9. Bd3 Nxd2 10. Bxd2 Bxb2 11. Rb1 Bf6 12. Re1+ Be6 13. Ng5 Bxg5 0-1